00625nam a22002057a 450000500170000001000130001702000210003003500130005103700160006404000120008008200130009210000150010524501040012026000340022427000320025830000280029050000400031865000370035865000240039520170124110101.0 aA-306141 c00.00a533049806 aA-306141 bCen Lib/Ret aDPLbEN a960bRAJ aRaju, R.K. aWhy Africa? :cby R.K.Rajubfirst Indian journalist's impressions of the so-called dark continent / bVantage PressaNew Yorkc1982 a516 West 34th Streete10001 a125p. :c20cm(Hb)bill. aIncludes bibliographical references aKenya -- Social life and customs aManners and customs